| 000 | 00000nam 2200000zi 4500 |
| 001 | 9.881398 |
| 003 | CaOODSP |
| 005 | 20220616142316 |
| 006 | m o d f |
| 007 | cr cn||||||||| |
| 008 | 191030e202001 onca o f000 0 tam d |
| 020 | |a9780660331041 |
| 040 | |aCaOODSP|beng|erda|cCaOODSP |
| 043 | |an-cn--- |
| 086 | 1 |aHP40-38/2018Ta-PDF |
| 086 | 1 |aHP40-38/2018Tam-PDF |
| 245 | 03|a[A parent's guide to vaccination]. |
| 264 | 1|aOttawa, ON : |bPublic Health Agency of Canada = Agence de la santé publique du Canada, |cJanuary 2020. |
| 264 | 4|c©2020 |
| 300 | |a1 online resource (28 pages) : |bcolour illustrations |
| 336 | |atext|btxt|2rdacontent |
| 337 | |acomputer|bc|2rdamedia |
| 338 | |aonline resource|bcr|2rdacarrier |
| 500 | |aIssued also in English under title: A parent's guide to vaccination; and in French under title: Guide sur la vaccination à l'intention des parents. |
| 500 | |aEnglish title provided by publisher. |
| 500 | |aOn cover: A Parent's Guide to Vaccination - Tamil. |
| 500 | |a"Pub.: 190422." |
| 546 | |aText in Tamil. |
| 650 | 0|aVaccination of children|zCanada. |
| 710 | 2 |aPublic Health Agency of Canada, |eissuing body. |
| 775 | 08|tA parent's guide to vaccination.|w(CaOODSP)9.856286 |
| 856 | 40|qPDF|s2.96 MB|uhttps://publications.gc.ca/collections/collection_2022/aspc-phac/HP40-38-2018-tam.pdf |